Online
Catalog

El imperialismo protestante : (Record no. 19011)

MARC details
000 -CABECERA
campo de control de longitud fija 00959nam a2200241 a 4500
001 - NÚMERO DE CONTROL
campo de control 000019495
005 - FECHA Y HORA DE LA ÚLTIMA TRANSACCIÓN
campo de control 20250428130105.0
008 - DATOS DE LONGITUD FIJA--INFORMACIÓN GENERAL
campo de control de longitud fija 100629s1949 ag 000 0 spa d
040 ## - FUENTE DE LA CATALOGACIÓN
Centro catalogador/agencia de origen DO-SdBNP
Lengua de catalogación spa
Centro/agencia transcriptor BNPHU
041 17 - CÓDIGO DE LENGUA
Código de lengua del texto/banda sonora o título independiente spa
Código de lengua original fre
Fuente del código Código de idioma MARC
082 ## - NÚMERO DE LA CLASIFICACIÓN DECIMAL DEWEY
Número de clasificación 284
Número de documento/Ítem H698i
049 ## - FONDOS LOCALES (OCLC)
Fondos de biblioteca BNGR
100 1# - ENTRADA PRINCIPAL--NOMBRE DE PERSONA
Nombre de persona Hoffet, Federico,
9 (RLIN) 41858
240 10 - TÍTULO UNIFORME
Título uniforme L´imperialisme protestant.
Lenguaje de la obra Español.
245 13 - MENCIÓN DE TÍTULO
Título El imperialismo protestante :
Resto del título consideraciones sobre el destino desigual de los pueblos protestantes y católicos en el mundo actual /
Mención de responsabilidad, etc. Federico Hoffet ; traducción por Adam F. Sosa.
260 ## - PUBLICACIÓN, DISTRIBUCIÓN, ETC.
Lugar de publicación, distribución, etc. Buenos Aires :
Nombre del editor, distribuidor, etc. La Aurora,
Fecha de publicación, distribución, etc. 1949.
300 ## - DESCRIPCIÓN FÍSICA
Extensión 142, [1] p. ;
Dimensiones 20 cm.
504 ## - NOTA DE BIBLIOGRAFÍA, ETC.
Nota de bibliografía, etc. Incluye referencias bibliográficas y notas al pie de las páginas.
534 ## - NOTA SOBRE LA VERSIÓN ORIGINAL
Frase introductoria Título original en francés:
Mención de título del original L´imperialisme protestant.
650 #0 - PUNTO DE ACCESO ADICIONAL DE MATERIA--TÉRMINO DE MATERIA
Término de materia o nombre geográfico como elemento de entrada Protestantismo
9 (RLIN) 4373
650 #4 - PUNTO DE ACCESO ADICIONAL DE MATERIA--TÉRMINO DE MATERIA
Término de materia o nombre geográfico como elemento de entrada Iglesias protestantes
9 (RLIN) 998
700 1# - PUNTO DE ACCESO ADICIONAL--NOMBRE DE PERSONA
Nombre de persona Sosa, Adam F.,
Término indicativo de función/relación tr.
9 (RLIN) 41859
Holdings
Estado de retiro Estado de pérdida Restricciones de uso No para préstamo Código de colección Localización permanente Ubicación/localización actual Ubicación en estantería Fecha de adquisición Número de inventario Total de préstamos Signatura topográfica completa Código de barras Fecha visto por última vez Precio válido a partir de Tipo de ítem Koha
        Monografías: Libros y Folletos General General En catalogación 29.06.2010 LF1   284 H698i 19495-10 25.06.2020 25.06.2020 Préstamo en sala

Powered by Koha